| 000 | 00572nam a22001697a 4500 | ||
|---|---|---|---|
| 005 | 20251108175948.0 | ||
| 008 | 250721s2008 xx 000 0 ara d | ||
| 082 | 1 | 4 | _a640/ألف |
| 100 | 1 | _aألفين، ماري كلير | |
| 245 | 1 | 0 | _aالقرارات السبعة الذكية لادارة الميزانية المنزلية / |
| 264 | 1 |
_aالجيزة : _bدار الفاروق للاستثمارات، _c2008. |
|
| 300 | _a423ص. | ||
| 650 | 1 | 7 | _aالاقتصاد المنزلي |
| 650 | 1 | 7 | _aميزانية المنزل |
| 942 |
_2ddc _cBK |
||
| 999 |
_c146521 _d146521 |
||